Gottfried Semper and the problem of historicism (Record no. 196931)

MARC details
000 -LEADER
fixed length control field 00749nam a2200229Ia 4500
008 - FIXED-LENGTH DATA ELEMENTS--GENERAL INFORMATION
fixed length control field 191130s2004##################000#0#eng##
020 ## - INTERNATIONAL STANDARD BOOK NUMBER
ISBN 9780521821636
082 ## - DEWEY DECIMAL CLASSIFICATION NUMBER
Classification number 720.92 HVA
100 ## - MAIN ENTRY--AUTHOR NAME
Personal name Hvattum, Mari
245 ## - TITLE STATEMENT
Title Gottfried Semper and the problem of historicism
Statement of responsibility, etc Mari Hvattum
260 ## - PUBLICATION, DISTRIBUTION, ETC. (IMPRINT)
Place of publication Cambridge
Name of publisher Cambridge University Press
Year of publication 2004
300 ## - PHYSICAL DESCRIPTION
Number of Pages xiii, 274 p. : ill. ; 26 cm
500 ## - GENERAL NOTE
General note Includes bibliographical references (p. 253-267) and index
650 ## - SUBJECT ADDED ENTRY--TOPICAL TERM
Topical Term Historicism
Topical Term Historicism in architecture
Topical Term Semper, Gottfried, 1803-1879 - Criticism and interpretation
991 ## -
-- 302505
Holdings
Withdrawn status Lost status Damaged status Not for loan Home library Current library Shelving location Date acquired Full call number Accession Number Price effective from Koha item type
        Anna Centenary Library Anna Centenary Library 6TH FLOOR, B WING 13.10.2020 720.92 HVA 244887 13.10.2020 English Books

Find us on the map